000 00391nam a2200157Ia 4500
003 GCL
008 140319s9999 xx 000 0 eng d
040 _aGCL /
_cGCL
082 0 4 _a612
_bL S
100 1 _aLEACH, JOHN
245 1 0 _aSURGICAL PSYCHOLOGY /
_cLEACH, JOHN
260 _a[S.N] :
_bMCMILLAN PUBLISHING COMPANY ،
_c1994
300 _a220 P
650 0 4 _aANATOMY
942 _2ddc
_cBK
999 _c24565
_d24565